000 00592cam a2200193 a 4500
001 000001218
005 20200929145517.0
008 720224s1966 sp 000 0 spa
040 _aDO-SdBNP
_bspa
_cBNPHU
082 _a863.6
_bD811c
100 1 _aD´Ors, Eugenio
_d1882-1954.
_94157
245 1 0 _aCrónicas de la ermita /
_cEugenio D'Ors.
260 _aBarcelona :
_bPlaza & Janés,
_c1966.
300 _a262 p. ;
_c19 cm.
490 1 _aProsistas de lengua espanola
650 4 _aNovela española
_91123
650 4 _aLiteratura española
_9632
830 0 _aProsistas de lengua espanola
_94158
999 _c1166
_d1166